00724nam a22002057a 4500003000900000008004100009040007100050082001600121110002600137245007000163260004400233300005300277440004400330505007100374650001800445650001700463650001200480650001700492650000900509AR-CdUCM190318b ||||| |||| 00| 0 spa d aMUNICIPALIDAD PROVINCIAL DEL CUSCOcBIBLIOTECA MUNICIPAL DEL CUSCO a080 /bSA18 aSalvat Editores, S.A. aBiblioteca Salvat de Grandes Temas :bLa pintura en el siglo XX / aEspañabSalvat Editores, S.A.,c1975. bIlustraciones en color,c20 cm.a143 páginas ; aBiblioteca Salvat de Grandes Temas n97 aContenido: La ruptura con el realismo -- Tendencias vanguardistas aEnciclopedia  aHumanidades  aPintura aColección  aArte